000
00202 a2200097 4500
001
1034
100
_a
Kemp,P.
245
_a
Alternating current wave forms
260
_a
_b
Chapman
_c
090
_c
601
_d
601
942
_a
NUST-CAE
_c
M
_c
32501
999
_c
236107
_d
236107